Analýza vybraných faktorov podnikateľského prostredia malých a stredných podnikov na Slovensku

Postavenie malých a stredných podnikov na Slovensku. Vymedzenie malého a stredného podniku. Vývoj malých a stredných podnikov na Slovensku po r. 1989. Vybrané faktory podnikateľského prostredia. Legislatíva. Financovanie malého a stredného podnikania. Sieť Euro info centier. Prienik na zahraničné tr...

Ausführliche Beschreibung

Gespeichert in:
Bibliographische Detailangaben
1. Verfasser: Čarnický, Štefan
Weitere Verfasser: Mihalčová, Bohuslava, 1963-
Format: Buchkapitel
Sprache:Slowakisch
Schlagworte:
Tags: Tag hinzufügen
Keine Tags, Fügen Sie das erste Tag hinzu!

MARC

LEADER 00000naa$a2200000$$$4500
001 0001683
005 20240502083121.9
041 0 |a slo 
044 |a CZ 
245 1 0 |a Analýza vybraných faktorov podnikateľského prostredia malých a stredných podnikov na Slovensku  |c aut. Štefan Čarnický, Bohuslava Mihalčová 
520 |a Postavenie malých a stredných podnikov na Slovensku. Vymedzenie malého a stredného podniku. Vývoj malých a stredných podnikov na Slovensku po r. 1989. Vybrané faktory podnikateľského prostredia. Legislatíva. Financovanie malého a stredného podnikania. Sieť Euro info centier. Prienik na zahraničné trhy. 
610 2 0 |a prostredie podnikateľské 
610 2 0 |a podnik malý 
610 2 0 |a podnik stredný 
610 2 0 |a Slovensko 
610 2 0 |a analýzy 
610 2 0 |a legislatíva 
610 2 0 |a podpora podnikania 
610 2 0 |a programy rozvojové 
100 1 |a Čarnický, Štefan 
700 1 |a Mihalčová, Bohuslava, 1963-